|
|
|
|
| LEADER |
01368naa#a2200421#ar4500 |
| 001 |
000090641 |
| 003 |
SVKKK |
| 005 |
20080730134932.0 |
| 008 |
080730s2006 xo #|0||||||||0|||b|slo |
| FMT |
|
|
|
| 015 |
|
|
|a SNBRA2008/07
|
| 038 |
|
|
|a SVKKK
|
| 040 |
|
|
|a SVKKK
|b slo
|e AACR2
|
| 041 |
0 |
|
|a slo
|b eng
|
| 044 |
|
|
|a xo
|c SK
|
| 080 |
|
|
|a 379.834
|x (437.6)
|2 1997
|
| 080 |
|
|
|a 911.373
|x (437.6)
|2 1997
|
| 080 |
|
|
|a 338.48
|x (437.6)
|2 1997
|
| 245 |
1 |
0 |
|a Funkčné priestorové umiestnenie vybraných foriem turizmu v súlade s rozvojom iných činností na príklade modelového územia (mikroregión Svätý Jur)
|c Zdena Krnáčová ... [et al.].
|
| 300 |
|
|
|b Obr., tab.
|
| 504 |
|
|
|a Bibliogr. odkazy
|
| 546 |
|
|
|a Res. angl.
|
| 650 |
0 |
4 |
|a cestovný ruch
|x vidiecky turizmus
|x environmentálne problémy
|
| 651 |
|
4 |
|a Svätý Jur (Slovensko)
|x rozvoj turizmu
|x modelové územie
|
| 700 |
1 |
|
|a Krnáčová, Zdena
|4 aut
|
| 700 |
1 |
|
|a Dobrovodská, Marta
|4 aut
|
| 700 |
1 |
|
|a Hrnčiarová, Tatiana
|4 aut
|
| 700 |
1 |
|
|a Štefunková, Dagmar
|4 aut
|
| 773 |
0 |
|
|t Folia Geographica 10. Prírodné vedy
|d Prešov : Prešovská univerzita, Fakulta humanitných a prírodných vied, 2006
|g S. 271-279
|x 1336-6157
|
| 957 |
|
|
|a Svätý Jur
|
| 958 |
|
|
|a NB
|
| 958 |
|
|
|a SK
|
| 974 |
|
|
|a Ma
|
| 992 |
|
|
|a RZB
|
| BAS |
|
|
|
| 852 |
|
|
|a SVKKK
|b BIB
|
| EXP |
|
|
|
| 998 |
|
|
|a SLO
|